<?xml version="1.0" encoding="UTF-8"?><?xml-stylesheet type="text/xsl" href="static/style.xsl"?><OAI-PMH xmlns="http://www.openarchives.org/OAI/2.0/" xmlns:xsi="http://www.w3.org/2001/XMLSchema-instance" xsi:schemaLocation="http://www.openarchives.org/OAI/2.0/ http://www.openarchives.org/OAI/2.0/OAI-PMH.xsd"><responseDate>2026-04-17T00:50:37Z</responseDate><request verb="GetRecord" identifier="oai:www.recercat.cat:10256/13450" metadataPrefix="marc">https://recercat.cat/oai/request</request><GetRecord><record><header><identifier>oai:recercat.cat:10256/13450</identifier><datestamp>2024-06-14T09:53:24Z</datestamp><setSpec>com_2072_452955</setSpec><setSpec>com_2072_2054</setSpec><setSpec>col_2072_453066</setSpec><setSpec>col_2072_453082</setSpec></header><metadata><record xmlns="http://www.loc.gov/MARC21/slim" xmlns:dcterms="http://purl.org/dc/terms/" xmlns:xsi="http://www.w3.org/2001/XMLSchema-instance" xmlns:doc="http://www.lyncode.com/xoai" xsi:schemaLocation="http://www.loc.gov/MARC21/slim http://www.loc.gov/standards/marcxml/schema/MARC21slim.xsd">
   <leader>00925njm 22002777a 4500</leader>
   <datafield ind2=" " ind1=" " tag="042">
      <subfield code="a">dc</subfield>
   </datafield>
   <datafield ind2=" " ind1=" " tag="720">
      <subfield code="a">Aulet Serrallonga, Sílvia</subfield>
      <subfield code="e">author</subfield>
   </datafield>
   <datafield ind2=" " ind1=" " tag="720">
      <subfield code="a">Mundet i Cerdan, Lluís</subfield>
      <subfield code="e">author</subfield>
   </datafield>
   <datafield ind2=" " ind1=" " tag="720">
      <subfield code="a">Vidal Casellas, Dolors</subfield>
      <subfield code="e">author</subfield>
   </datafield>
   <datafield ind2=" " ind1=" " tag="260">
      <subfield code="c">2017-01-01</subfield>
   </datafield>
   <datafield ind2=" " ind1=" " tag="520">
      <subfield code="a">This article analyses the role of monasteries as a sacred space and how their relationship with tourism depicts a landscape of 'good taste'. Monasteries are examples of both tangible and intangible heritage, and are highly symbolic built spaces that have often become the guardians of tradition. They are strongly embedded within a local cultural landscape, which has determined their historical evolution. Monasteries used to be selfsufficient communities that relied on the resources available in their local environment, e.g. they produced their own wine, which was essential for the celebration of the Eucharist; or they preserved food from their own produce. Gastronomy in monasteries can be a tool to improve tourists' visitor experience, in so far as it respects the values that these sacred spaces represent. This article explores the literature on monasteries as sacred spaces; the relationship between their tangible and intangible heritage attributes; and how monasteries and their heritage are linked to tourism. This is illustrated through examples from Spain</subfield>
   </datafield>
   <datafield ind2=" " ind1=" " tag="520">
      <subfield code="a">Este artigo analisa o papel dos monastérios como espaço sagrado e como sua relação com o&#xd;
turismo configura uma paisagem de “bom gosto”. Os monastérios são um exemplo de convergência&#xd;
entre patrimônio tangível e patrimônio intangível. São espaços construídos com alta carga simbólica e&#xd;
que têm atuado, em muito casos, como guardiões da tradição. Ao mesmo tempo que estão claramente&#xd;
enraizados em um território e em uma paisagem que têm condicionado seu desenvolvimento. Os&#xd;
monastérios eram auto-suficientes, obtinham o que necessitavam a partir de seu entorno. Por isso,&#xd;
por exemplo, elaboravam seu própio vinho, tão necessário para o ritual litúrgico; preparavam&#xd;
conservas para manter frescos por mais tempo os produtos que cultivavam. Fazer um juízo dos&#xd;
monastérios através da gastronomia pode ser uma ferramenta para melhorar a experiência do&#xd;
visitante turista, na medida que se respeita os valores representados por esses espaços sagrados. Este&#xd;
texto explora esta relação a partir de uma revisão bibliográfica acerca dos monastérios como espaço&#xd;
sagrado, a relação entre o patrimônio tangível e intangível, bem como o vínculo desses espaços com o&#xd;
patrimônio e com o turismo. A busca das informações se exemplifica com alguns estudos de caso&#xd;
espanhóis</subfield>
   </datafield>
   <datafield ind2=" " ind1=" " tag="520">
      <subfield code="a">: Este artículo analiza el papel de los monasterios como espacio sagrado y cómo su relación&#xd;
con el turismo perfila un paisaje de «buen gusto». Los monasterios son un ejemplo de convergencia&#xd;
entre patrimonio tangible y patrimonio intangible. Son espacios construidos altamente simbólicos que&#xd;
han actuado en muchos casos como guardianes de la tradición. Al mismo tiempo, están claramente&#xd;
arraigados a un territorio y un paisaje, que ha condicionado su desarrollo. Los monasterios eran&#xd;
unidades autosuficientes que obtenían lo que necesitaban de su entorno. Por eso, por ejemplo,&#xd;
elaboraban su propio vino, tan necesario para el rito litúrgico, o preparaban conservas para mantener&#xd;
durante más tiempo los productos frescos que cultivaban. Poner en valor los monasterios a través de&#xd;
la gastronomía puede ser una herramienta para mejorar la experiencia del visitante turista, en la&#xd;
medida que se lleve a cabo respetando los valores representados por estos espacios sagrados. Este&#xd;
documento explora esta relación a partir de una revisión de la literatura que ha tratado los monasterios&#xd;
como espacios sagrados, la relación entre el patrimonio tangible e intangible, y la vinculación de estos&#xd;
espacios y patrimonio con el turismo. Esta búsqueda de información se ejemplifica con algunos casos&#xd;
españoles</subfield>
   </datafield>
   <datafield ind1="8" ind2=" " tag="024">
      <subfield code="a">http://hdl.handle.net/10256/13450</subfield>
   </datafield>
   <datafield tag="653" ind2=" " ind1=" ">
      <subfield code="a">Gastronomia</subfield>
   </datafield>
   <datafield tag="653" ind2=" " ind1=" ">
      <subfield code="a">Gastronomy</subfield>
   </datafield>
   <datafield tag="653" ind2=" " ind1=" ">
      <subfield code="a">Turisme -- Aspectes religiosos</subfield>
   </datafield>
   <datafield tag="653" ind2=" " ind1=" ">
      <subfield code="a">Tourism -- Religious aspects</subfield>
   </datafield>
   <datafield tag="653" ind2=" " ind1=" ">
      <subfield code="a">Turisme cultural</subfield>
   </datafield>
   <datafield tag="653" ind2=" " ind1=" ">
      <subfield code="a">Heritage tourism</subfield>
   </datafield>
   <datafield tag="653" ind2=" " ind1=" ">
      <subfield code="a">Patrimoni cultural</subfield>
   </datafield>
   <datafield tag="653" ind2=" " ind1=" ">
      <subfield code="a">Cultural property</subfield>
   </datafield>
   <datafield tag="653" ind2=" " ind1=" ">
      <subfield code="a">Llocs sagrats</subfield>
   </datafield>
   <datafield tag="653" ind2=" " ind1=" ">
      <subfield code="a">Sacred space</subfield>
   </datafield>
   <datafield ind2="0" ind1="0" tag="245">
      <subfield code="a">Monasteries and tourism: interpreting sacred landscape through gastronomy = Monasterios y turismo: interpretar el paisaje sagrado a través de la gastronomía = Monastérios e turismo: interpretar a paisagem sacra através da gastronomial</subfield>
   </datafield>
</record></metadata></record></GetRecord></OAI-PMH>